ბათუმის შოთა რუსთაველის სახელმწიფო უნივერსიტეტის ბიბლიოთეკა

ფიცი (ბიბ.ჩანაწერი № 48382)

000 -LEADER
fixed length control field 00529nam a2200193Ia 4500
001 - CONTROL NUMBER
control field 15270
003 - CONTROL NUMBER IDENTIFIER
control field GE_BSU
008 - FIXED-LENGTH DATA ELEMENTS--GENERAL INFORMATION
fixed length control field 181216s||||||||xx |||||||||||||| ||und||
040 ## - CATALOGING SOURCE
Transcribing agency GE_BSU
080 ## - UNIVERSAL DECIMAL CLASSIFICATION NUMBER
Universal Decimal Classification number 821.353.1-32
100 ## - MAIN ENTRY--PERSONAL NAME
Personal name შენგელაია,დემნა
245 ## - TITLE STATEMENT
Title ფიცი
260 ## - PUBLICATION, DISTRIBUTION, ETC.
Place of publication, distribution, etc. თბილისი
260 ## - PUBLICATION, DISTRIBUTION, ETC.
Name of publisher, distributor, etc. საქ.საბჭ.მწერლობის კავშირი
260 ## - PUBLICATION, DISTRIBUTION, ETC.
Date of publication, distribution, etc. 1934
300 ## - PHYSICAL DESCRIPTION
Extent 58გვ.2ფ.პორტრ.
653 ## - INDEX TERM--UNCONTROLLED
Uncontrolled term ფიცი
942 ## - ADDED ENTRY ELEMENTS (KOHA)
Koha item type წიგნი
ეგზემპლარები
Withdrawn status Lost status Damaged status Not for loan Date acquired Barcode Date last seen Price effective from Koha item type
        2018-12-17 37995 2018-12-17 2018-12-17 წიგნი
        2018-12-17 37996 2018-12-17 2018-12-17 წიგნი
        2018-12-17 37997 2018-12-17 2018-12-17 წიგნი
        2018-12-17 37998 2018-12-17 2018-12-17 წიგნი
        2018-12-17 37999 2018-12-17 2018-12-17 წიგნი